Corporate Governance, Ethics And Social Responsibility (Record no. 4595)

MARC details
005 - DATE AND TIME OF LATEST TRANSACTION
control field 20250623074911.0
020 ## - INTERNATIONAL STANDARD BOOK NUMBER
International Standard Book Number 978-81-203-4336-8
082 ## - DEWEY DECIMAL CLASSIFICATION NUMBER
Classification number 658.4BAL
100 ## - MAIN ENTRY--PERSONAL NAME
Author name Balachandran.V
245 ## - TITLE STATEMENT
Title Corporate Governance, Ethics And Social Responsibility
300 ## - PHYSICAL DESCRIPTION
Extent xii,; 263p, ill, table,
Other physical details Index,
Dimensions 23cm,
700 ## - ADDED ENTRY--PERSONAL NAME
Other authors/Editors Chandrasekaran. V
942 ## - ADDED ENTRY ELEMENTS (KOHA)
Source of classification or shelving scheme Dewey Decimal Classification
Koha item type Books

No items available.